Designing for People (Record no. 12571)

MARC details
000 -CABECERA
campo de control de longitud fija 00391nam a2200145 4500
005 - FECHA Y HORA DE LA ÚLTIMA TRANSACCIÓN
campo de control 20260530115255.0
100 1# - ENTRADA PRINCIPAL--NOMBRE DE PERSONA
Nombre de persona Henry Drefuss
9 (RLIN) 30388
245 10 - MENCIÓN DE TÍTULO
Título Designing for People
264 #1 - PRODUCCIÓN, PUBLICACIÓN, DISTRIBUCIÓN, FABRICACIÓN Y COPYRIGHT
Nombre del de productor, editor, distribuidor, fabricante Paragraphic Books, New York
Fecha de producción, publicación, distribución, fabricación o copyright 1955
300 ## - DESCRIPCIÓN FÍSICA
Extensión 232 páginas
336 ## - TIPO DE CONTENIDO
Término de tipo de contenido texto
Fuente rdacontent
337 ## - TIPO DE MEDIO
Nombre/término del tipo de medio sin medio
Fuente rdamedia
338 ## - TIPO DE SOPORTE
Nombre/término del tipo de soporte volumen
Fuente rdacarrier
500 ## - NOTA GENERAL
Nota general Libro muy especial / Relevante

No items available.